Materiales y sistema constructivos usados en las construcciones del departamento de León

Presenta una vision vlara de los materiales y sistemas constructivos usados en las construcciones del Departamento de Leon. Conoce como y donde se encuentran en su estado natural, procesamiento y aplicación.

Bibliographic Details
Main Author: Esquivel Silva, Erwin
Other Authors: Tutor:
Format: Tesis Section = Libro
Language:Undetermined
Spanish
Published: Managua Universidad Nacional Autónoma de Nicaragua (UNAN) 1971
Subjects:
LEADER 00913nam a2200217Ia 4500
008 240830s9999 xx 000 0 und d
040 |a BIBLIOTECA-RUSB/ Mon 691 E74 
041 |a spa 
082 |a Mon 691 E74 
100 1 |a Esquivel Silva, Erwin 
245 1 0 |a Materiales y sistema constructivos usados en las construcciones del departamento de León 
260 |a Managua  |b Universidad Nacional Autónoma de Nicaragua (UNAN)  |c 1971 
300 |a 80 p. :il. 
502 |a Tesis (Arquitecto) - Universidad Nacional Autónoma de Nicaragua (UNAN), 1971. 
520 3 |a Presenta una vision vlara de los materiales y sistemas constructivos usados en las construcciones del Departamento de Leon. Conoce como y donde se encuentran en su estado natural, procesamiento y aplicación. 
650 7 |a MATERIALES DE CONSTRUCCION 
650 7 |b  ARQUITECTURA 
700 1 |a Tutor: 
942 |c BK  |2 ddc 
991 |a TESIS 
999 |c 20796